000 00760nam a22001937a 4500
003 JO-AjAnu
005 20241019085915.0
008 241019b jo ||||| |||| 00| 0 ara d
040 _cJO-AjAnu
041 _aARA
100 1 _aالشامسي، سمر
_966267
_eمؤلف
245 1 0 _aتاريخ الفن والعمارة /
_cتأليف سمر الشامسي؛ مؤلف مشارك علي عبد الرحمن دباجة
250 _aالطبعة الاولى
260 _aبيروت:
_bشركة المطبوعات للتوزيع والنشر،
_c2021
300 _a232صفحة
650 7 0 _aالفن- تاريخ - العمارة- تاريخ
_966268
700 1 _aدباجة، علي عبد الرحمن
_966269
_eمؤلف مشارك
942 _2lcc
_cBK
_n0
999 _c33736
_d33736